00809nam a22002297a 4500999001500000001000500015003000900020005001700029008004100046020001500087040003800102082001600140245012100156250002400277260004700301300002400348650002400372700003100396700002400427942001300451952011500464 c4074d40746223BD-DhUAP20200318144837.0200318s1998 ii ||||| |||| 00| 0 eng d a818561797X aBD-DhUAPbEngcBD-DhUAPdBD-DhUAP 223a423 NTC aNTC's dictionary of acronyms and abbreviations /cCompiled by Steven Racek Kleinedler ; edited by Richard A. Spears. a1st South Asian ed. aNew Delhi :bNTC publishing group,cc1998. a311 pages ;c23 cm. aEnglish dictionary. aKleinedler, Steven Racek.  aSpears, Richard A.  2ddccREF 00102ddc4070aUAPCLbUAPCLcGeneral Stacksd2020-03-18o423 NTCp3010006223r2020-03-18t1w2020-03-18yREF